| 000 | 01706nam a2200385 i 4500 | ||
|---|---|---|---|
| 003 | CO-ViMGA | ||
| 005 | 20230915224423.0 | ||
| 008 | 201030s2020 ck ||e|||||s00| fdspa d | ||
| 020 | _a9789585599932 | ||
| 040 |
_aCO-ViMGA _bspa _cCO-ViMGA |
||
| 043 | _as-ck--- | ||
| 084 | _aN ZAP2 | ||
| 100 | 1 |
_aZapata Olivella, Manuel _d1920-2004 _eautor _922981 |
|
| 245 | 1 | 3 |
_aLa calle 10 _bnovela (1960) _cManuel Zapata Olivella |
| 250 | _aQuinta edicion | ||
| 300 |
_a147 paginas _c24 cm |
||
| 490 | 0 | _aAño Manuel Zapata Olivella. Ministerio de Cultura | |
| 500 | _aEdicion coeditada por las siguientes instituciones colombianas: Ministerio de Cultura, Instituto Caro y Cuervo, Biblioteca Nacional de Colombia, Universidad del Valle, Universidad de Cartagena, Universidad de Cordoba, Universidad Tecnologica de Pereira | ||
| 500 | _aIncluye glosario y analisis de la obra al final del texto | ||
| 600 | 1 | 4 |
_aZapata Olivella, Manuel _d1920-2004 _xCritica e interpretacion _9168401 |
| 650 | 1 | 7 |
_2LEMB _aAutores colombianos _ySiglo XX _93714 |
| 650 | 1 | 7 |
_2LEMB _aLiteratura colombiana _ySiglo XX _9168403 |
| 650 | 1 | 7 |
_2LEMB _aNovela colombiana _ySiglo XX _9168402 |
| 650 | 1 | 7 |
_2LEMB _aPobreza _vNovela _913883 |
| 650 | 1 | 7 |
_2LEMB _aProblemas sociales _vNovela _96761 |
| 651 | 4 |
_aBogota (Colombia) _xVida social y costumbres _vNovela _920228 |
|
| 710 | 1 | 2 |
_aColombia _bMinisterio de Cultura _9168404 |
| 710 | 2 |
_aBiblioteca Nacional de Colombia _9168405 |
|
| 710 | 2 |
_aInsituto Caro y Cuervo _9152383 |
|
| 710 | 2 |
_aUniversidad de Cartagena _9152386 |
|
| 710 | 2 |
_aUniversidad de Cordoba _9152387 |
|
| 710 | 2 |
_aUniversidad del Valle _9152385 |
|
| 710 | 2 |
_aUniversidad Tecnologica de Pereira _9152388 |
|
| 942 |
_2ddc _cBK |
||
| 999 |
_c11921 _d11921 |
||